000 00492nam a22001697a 4500
005 20251108165931.0
008 250721s1975 xx 000 0 ara d
082 1 4 _aط/372.62/حدي
245 1 0 _aالحديث عن البيت /
264 1 _aبيروت :
_bمكتبة لبنان،
_c1975.
300 _a50ص
650 1 7 _aلغة عربية
650 1 7 _aدراسة و تدريس
653 _aاطفال ما قبل المدرسة (0-5) سنوات
942 _2ddc
_cBK
999 _c35238
_d35238